Nationalities of UFC Champions With Exceptions - Statistics

General Stats
  • This quiz has been taken 2,575 times
    18 since last reset
  • The average score is 20 of 34
Answer Stats
Nationality Champion % Correct
Ireland Conor McGregor
94%
Russia Khabib Nurmagomedov
89%
Canada Georges St-Pierre
83%
Russia Islam Makhachev
83%
Australia Alexander Volkanovski
78%
Georgia/Spain Ilia Topuria
78%
South Africa Dricus Du Plessis
72%
Myanmar/United States Joshua Van
72%
Nigeria/United States Kamaru Usman
72%
Georgia/United States Merab Dvalishvili
72%
France Ciryl Gane
67%
Cameroon Francis Ngannou
67%
Nigeria/New Zealand Israel Adesanya
67%
Czech Republic Jiří Procházka
67%
Russia/United Arab Emirates Khamzat Chimaev
67%
United Kingdom Tom Aspinall
67%
Mexico Brandon Moreno
61%
United Kingdom Michael Bisping
61%
Russia Petr Yan
61%
New Zealand Carlos Ulberg
56%
Russia Magomed Ankalaev
56%
Australia Jack Della Maddalena
50%
United Kingdom/Jamaica Leon Edwards
50%
Mexico Alexa Grasso
44%
Poland Jan Błachowicz
44%
Australia/New Zealand Robert Whittaker
44%
Kyrgyzstan/Peru Valentina Shevchenko
44%
Mexico Yair Rodríguez
44%
China Zhang Weili
44%
Poland Joanna Jędrzejczyk
39%
Belarus Andrei Arlovski
22%
Netherlands Bas Rutten
22%
Canada Carlos Newton
11%
Netherlands Germaine de Randamie
6%
No matching quizzes found
Score Distribution
Percent of People with Each Score
Percentile by Number Answered
Your Score History
You have not taken this quiz since the last reset